书目信息 |
| 题名: |
广告设计
|
|
| 作者: | 张国斌 著 | |
| 分册: | ||
| 出版信息: | 合肥 合肥工业大学出版社 2004 |
|
| 页数: | 80页 | |
| 开本: | 26cm | |
| 丛书名: | 现代设计艺术丛书 | |
| 单 册: | ||
| 中图分类: | J524.3 | |
| 科图分类: | ||
| 主题词: | 广告--工艺美术--中国 | |
| 电子资源: | ||
| ISBN: | 7-81093-119-9 | |
| 000 | 00612nam2 2200217 45 | |
| 001 | 0503281464 | |
| 005 | 20050328151409.1 | |
| 010 | @a7-81093-119-9@dCNY39.00 | |
| 100 | @a20050328d2004 km y0chiy0120 ea | |
| 101 | 0 | @achi |
| 105 | @a z 000yy | |
| 200 | 1 | @a广告设计@AGuang Gao She Ji@f张国斌著@FZhang Guo Bin Zhu |
| 210 | @a合肥@c合肥工业大学出版社@d2004 | |
| 215 | @a80页@d26cm | |
| 225 | @a现代设计艺术丛书@h7 | |
| 410 | @12001 @a现代设计艺术丛书 | |
| 606 | 0 | @a广告@x工艺美术@y中国 |
| 690 | @aJ524.3@v4 | |
| 701 | 0 | @a张国斌@4著 |
| 801 | @aCN@bTSTCL@c20050328 | |
| 905 | @dJ524.3@e109@f3@b346283-285 | |
| 广告设计/张国斌著.-合肥:合肥工业大学出版社,2004 |
| 80页;26cm.-(现代设计艺术丛书.7) |
| ISBN 7-81093-119-9:CNY39.00 |
| ● |
| 相关链接 |
|
|
|
|
正题名:广告设计
索取号:J524.3/109
 
预约/预借
| 序号 | 登录号 | 条形码 | 馆藏地/架位号 | 状态 | 备注 |
| 1 | 0346283 | 203462831 | 第一样本阅览室/ [索取号:J524.3/109] | 在馆 | |
| 2 | 0346284 | 203462840 | 第一借阅区/ [索取号:J524.3/109] | 在馆 | |
| 3 | 0346285 | 203462859 | 第一借阅区/ [索取号:J524.3/109] | 在馆 |